Đặc điểm hình thái cây con từ phôi hữu tính trên cây xoài cát Hòa Lộc đầu dòng ở xã Hòa Hưng, huyện Cái Bè, tỉnh Tiền Giang : Luận văn tốt nghiệp cao học. Ngành Trồng trọt

Nội dung đề tài là nhận dạng đặc điểm hình thái phôi hữu tính, phân biệt với cây phôi tâm trong số những cây con mọc từ hạt đa phôi của giống xoài cát Hòa Lộc.

Saved in:
Bibliographic Details
Main Author: Phạm, Văn Thanh
Format: Book
Language:Undetermined
Published: Cần Thơ Trường Đại học Cần Thơ 2009
Subjects:
Tags: Add Tag
No Tags, Be the first to tag this record!
Institutions: Trung tâm Học liệu Trường Đại học Cần Thơ
LEADER 01121nam a2200217Ia 4500
001 CTU_152297
008 210402s9999 xx 000 0 und d
082 |a 634.44 
082 |b Th107 
088 |a 606201 
100 |a Phạm, Văn Thanh 
245 0 |a Đặc điểm hình thái cây con từ phôi hữu tính trên cây xoài cát Hòa Lộc đầu dòng ở xã Hòa Hưng, huyện Cái Bè, tỉnh Tiền Giang : 
245 0 |b Luận văn tốt nghiệp cao học. Ngành Trồng trọt 
245 0 |c Phạm Văn Thanh; Võ Công Thành (cán bộ hướng dẫn) 
260 |a Cần Thơ 
260 |b Trường Đại học Cần Thơ 
260 |c 2009 
520 |a Nội dung đề tài là nhận dạng đặc điểm hình thái phôi hữu tính, phân biệt với cây phôi tâm trong số những cây con mọc từ hạt đa phôi của giống xoài cát Hòa Lộc. 
650 |a Mango,Cây xoài 
904 |i Năm, Ái 
980 |a Trung tâm Học liệu Trường Đại học Cần Thơ